000 00725nam a2200217Ia 4500
008 191130s2000##################000#0#eng##
020 _a9780199241354
022 _a2001274911
040 _aACL
_cACL
082 _a363.7056 HEL
245 _aEnvironmental policy : objectives, instruments, and implementation
_cedited by Dieter Helm
260 _aOxford
_bOxford University Press
_c2000
300 _axv, 324 p. : ill. ; 24 cm
500 _aIncludes bibliographical references (p. [281]-312) and index
650 _aEnvironmental policy
650 _aEnvironmental policy - Economic aspects
700 _aHelm, Dieter
990 _aacfec430ac10000c4311460c8351f72a
991 _a419233
999 _c257422
_d257422